Franzosen mit den meisten Bundesliga-Spielen - Statistiken

Allgemein
  • Dieses Quiz wurde 97 mal gespielt
  • Das Durchschnittsergebnis liegt bei 12 aus 23
Antwortstatistiken
Einsätze Vereine Buli-Debüt Spieler % Korrekt
273 FC Bayern München 11.08.2007 Franck Ribery
94%
212 FC Bayern München 12.09.2015 Kingsley Coman
90%
208 RB Leipzig; FC Bayern München 04.02.2017 Dayot Upamecano
85%
174 VfB Stuttgart; FC Bayern München 19.08.2017 Benjamin Pavard
73%
183 FC Bayern München 02.08.1997 Bixente Lizarazu
70%
194 Borussia Mönchengladbach 25.08.2018 Alassane Plea
69%
184 FC Bayern München 12.08.2000 Willy Sagnol
60%
209 TSG Hoffenheim; 1. FC Köln; Borussia Dortmund 10.08.2013 Anthony Modeste
58%
123 SV Werder Bremen 10.09.2002 Johan Micoud
56%
299 SC Freiburg; TSG Hoffenheim; FC Augsburg 22.01.2011 Jonathan Schmid
56%
111 Borussia Mönchengladbach 17.08.2019 Marcus Thuram
53%
119 RB Leipzig 18.08.2019 Christopher Nkunku
47%
125 Bayer Leverkusen 24.08.2019 Moussa Diaby
44%
105 Borussia Dortmund; VfB Stuttgart 19.08.2017 Dan-Axel Zagadou
39%
115 Hertha BSC; 1. FC Union Berlin 19.09.2020 Lucas Tousart
39%
105 RB Leipzig; Bayer Leverkusen 02.09.2018 Nordi Mukiele
39%
218 VfL Wolfsburg; 1. FSV Mainz 05 22.08.2014 Josuha Guilavogui
33%
113 SV Werder Bremen; FC Bayern München; Hannover 96 02.08.2003 Valerien Ismael
33%
111 VfL Wolfsburg 20.09.2020 Maxence Lacroix
31%
108 VfL Bochum 14.08.2021 Anthony Losilla
30%
185 VfB Stuttgart; TSG Hoffenheim 27.10.2004 Matthieu Delpierre
29%
105 FC Schalke 04 09.09.2016 Benjamin Stambouli
28%
149 VfB Stuttgart 20.08.1966 Gilbert Gress
4%
Keine übereinstimmenden Quizze gefunden
Verteilung der Resultate
Anzahl Personen mit jedem Resultat
Perzentil nach korrekt beantworteten Fragen
Ihre Resultats-Entwicklung
Sie haben dieses Quiz noch nicht gespielt